Istanbul (not Constantinople) - Statistics

General Stats
  • This quiz has been taken 14 times
  • The average score is 5 of 10
Answer Stats
Hint Answer % Correct
Istanbul was... Constantinople
100%
New York was... New Amsterdam
93%
The Czech Republic was... Czechoslovakia
79%
Myanmar was... Burma
64%
Thailand was... Siam
43%
Mt. McKinley was... Denali
29%
X was.. Twitter
29%
Halloween was... All Hallows Eve
21%
A Refrigerator was.. Icebox
21%
Starry was... Sierra Mist
7%
No matching quizzes found
Score Distribution
Percent of People with Each Score
Percentile by Number Answered
Your Score History
You have not taken this quiz